| 000 | 01863cam a2200457 i 4500 | ||
|---|---|---|---|
| 001 | 18990612 | ||
| 003 | OSt | ||
| 005 | 20180117085954.0 | ||
| 008 | 160225t20162015nyuab 001 0 eng | ||
| 010 | _a 2015510607 | ||
| 020 | _a9781476712086 (paperback) | ||
| 020 | _a9781476712079 (hardcover) | ||
| 020 | _z9781476712093 (ebook) | ||
| 040 |
_aDLC _beng _erda _cDLC |
||
| 042 | _apcc | ||
| 043 |
_an-us--- _aa-af--- _aa-pk--- |
||
| 050 | 0 | 0 |
_aDS371.413 _b.G75 2016 |
| 082 | 0 | 0 |
_a958.104/78 _223 |
| 100 | 1 |
_aGrenier, Robert _q(Robert L.) _eauthor. |
|
| 245 | 1 | 0 |
_a88 days to Kandahar : _ba CIA diary / _cRobert L. Grenier. |
| 246 | 3 | _aEighty-eight days to Kandahar | |
| 250 | _aFirst Simon & Schuster Paperbacks trade paperback edition. | ||
| 260 |
_aNew York _bSimon and schuster _c2015 |
||
| 300 |
_axix, 443 pages : _billustrations, maps ; _c21 cm |
||
| 500 | _aIncludes index. | ||
| 600 | 1 | 0 |
_aGrenier, Robert _q(Robert L.) |
| 610 | 1 | 0 |
_aUnited States. _bCentral Intelligence Agency _vBiography. |
| 650 | 0 |
_aAfghan War, 2001- _xCampaigns. |
|
| 650 | 0 |
_aAfghan War, 2001- _vPersonal narratives, American. |
|
| 650 | 0 |
_aAfghan War, 2001- _xSecret service. |
|
| 650 | 0 |
_aIntelligence officers _zUnited States _vBiography. |
|
| 650 | 0 | _aTaliban. | |
| 651 | 0 |
_aAfghanistan _xPolitics and government _y21st century. |
|
| 651 | 0 |
_aPakistan _xRelations _zUnited States. |
|
| 651 | 0 |
_aUnited States _xRelations _zPakistan. |
|
| 906 |
_a7 _bcbc _corignew _d1 _eecip _f20 _gy-gencatlg |
||
| 942 |
_2ddc _cBK |
||
| 999 |
_c16244 _d16244 |
||